000 00596cab a22002175a 4500
001 L157475
008 121218e2012 xxk 000 0 eng d
035 _a(Sirsi) u157475
041 0 _aeng
100 1 _aIjeh, Ike
245 0 4 _aThe clouds roll in
260 _c2012
490 _aBuilding
_v277 (8757) 14 December 2012, 62-64(3)
520 _aExplores the possible impact of a new generation of cloud software with relation to BIM
590 _aKA
650 2 4 _aBIM
_96219
650 2 4 _aBUILDING INFORMATION MODELLING
651 4 _aInternational
690 _aBIM
_96219
942 _n0
999 _c84401
_d84401